=LDR 00000nam 2200000 4500 =001 INLIS000000000044542 =005 20131008110109 =008 ***********************************Ind** =035 ##$$0010-101300000002464 =041 ##$$a Ind =082 ##$$a F rom D =090 ##$$a F rom D , Dam t =100 ##$$a Damhuri, A =245 ##$$a Terompah Usang yang Tak Sudah dijahit , A. Damhuri =260 ##$$a 1975 $b Jakarta =300 ##$$a 82 hlm , 20cm =850 ##$$a NBPNMAT =990 ##$$a 0001/BPAP-NTB/2016